[Event "HUN-chT2 Szechenyi 1314"]
[Site "Hungary"]
[Date "2014.03.23"]
[Round "9.10"]
[White "Ragats, Bertalan"]
[Black "Bauer, Attila"]
[Result "0-1"]
[WhiteElo "1631"]
[BlackElo "1940"]
[PlyCount "34"]
[EventDate "2013.09.08"]
[EventType "team-tourn"]
[EventRounds "11"]
[EventCountry "HUN"]
[SourceTitle "EXT 2016"]
[Source "ChessBase"]
[SourceDate "2015.10.08"]
[SourceVersion "1"]
[SourceVersionDate "2015.10.08"]
[SourceQuality "1"]
[WhiteTeam "Lovo"]
[BlackTeam "Ajka Banyasz"]
[WhiteTeamCountry "HUN"]
[BlackTeamCountry "HUN"]

1. e4 e6 2. d4 d5 3. Nc3 dxe4 4. Nxe4 Nd7 5. Nf3 Ngf6 6. Bg5 Be7 7. Nxf6+ Bxf6 8. Bxf6 Nxf6 9. Bd3 0-0 10. 0-0 b6 11. c3 Bb7 12. Qe2 Qd5 13. Rad1 Qxa2 14. Bc4 Bxf3 15. gxf3 Qa5 16. Bb5 a6 17. Ra1 Qxb5 0-1

[Event "HUN-chT2 Szechenyi 1314"]
[Site "Hungary"]
[Date "2013.11.03"]
[Round "4.11"]
[White "Toth, Laszlo3333"]
[Black "Ragats, Bertalan"]
[Result "1-0"]
[WhiteElo "1761"]
[BlackElo "1631"]
[PlyCount "43"]
[EventDate "2013.09.08"]
[EventType "team-tourn"]
[EventRounds "11"]
[EventCountry "HUN"]
[SourceTitle "EXT 2016"]
[Source "ChessBase"]
[SourceDate "2015.10.08"]
[SourceVersion "1"]
[SourceVersionDate "2015.10.08"]
[SourceQuality "1"]
[WhiteTeam "Zala Volan"]
[BlackTeam "Lovo"]
[WhiteTeamCountry "HUN"]
[BlackTeamCountry "HUN"]

1. e4 c5 2. Nc3 Nc6 3. Nf3 Nf6 4. d3 g6 5. h3 Bg7 6. e5 Nh5 7. g4 Nxe5 8. gxh5 Nxf3+ 9. Qxf3 0-0 10. Be3 d6 11. h6 Bh8 12. h4 e6 13. h5 Qb6 14. Bg5 f6 15. hxg6 hxg6 16. h7+ Kf7 17. 0-0-0 Bd7 18. Bh6 Rfe8 19. Rg1 Bg7 20. Bxg7 Kxg7 21. Qh5 g5 22. Ne4 1-0

[Event "HUN-chT2 Szechenyi 1314"]
[Site "Hungary"]
[Date "2013.09.22"]
[Round "2.10"]
[White "Ragats, Bertalan"]
[Black "Horvath, Lajos1111"]
[Result "1/2-1/2"]
[WhiteElo "1631"]
[BlackElo "1821"]
[PlyCount "73"]
[EventDate "2013.09.08"]
[EventType "team-tourn"]
[EventRounds "11"]
[EventCountry "HUN"]
[SourceTitle "EXT 2016"]
[Source "ChessBase"]
[SourceDate "2015.10.08"]
[SourceVersion "1"]
[SourceVersionDate "2015.10.08"]
[SourceQuality "1"]
[WhiteTeam "Lovo"]
[BlackTeam "Keszthely Spartacus"]
[WhiteTeamCountry "HUN"]
[BlackTeamCountry "HUN"]

1. e4 e6 2. d4 d5 3. Nc3 dxe4 4. Nxe4 Nf6 5. Bg5 Be7 6. Bxf6 Bxf6 7. Nf3 0-0 8. c3 b6 9. Bd3 Bb7 10. 0-0 g6 11. Nxf6+ Qxf6 12. Ne5 Rd8 13. Qg4 Nd7 14. Nxd7 Rxd7 15. Be4 Bxe4 16. Qxe4 Rad8 17. Qe5 Qe7 18. Rfe1 Rd5 19. Qe2 c5 20. dxc5 Qxc5 21. Rad1 Qa5 22. a3 Qa4 23. Rxd5 Rxd5 24. h3 Qf4 25. Rd1 Qd6 26. Rxd5 Qxd5 27. Qc2 b5 28. a4 a6 29. axb5 axb5 30. b3 Qe5 31. Qc1 f5 32. c4 b4 33. Qe3 Qa1+ 34. Kh2 Kf7 35. Qd2 Qc3 36. Qd7+ Kf6 37. Qd8+ 1/2-1/2

[Event "HUN-ch U14"]
[Site "Budapest"]
[Date "2010.07.02"]
[Round "7"]
[White "Grimm, Gyorgy"]
[Black "Ragats, Bertalan"]
[Result "1-0"]
[WhiteElo "1689"]
[BlackElo "1612"]
[PlyCount "107"]
[EventDate "2010.06.26"]
[EventType "swiss"]
[EventRounds "9"]
[EventCountry "HUN"]
[SourceTitle "CBM 137 Extra"]
[Source "ChessBase"]
[SourceDate "2010.09.01"]
[SourceVersion "1"]
[SourceVersionDate "2010.09.01"]
[SourceQuality "1"]

1. e4 e6 2. d4 d5 3. Nc3 Nf6 4. Bg5 Be7 5. e5 Nfd7 6. Bxe7 Qxe7 7. f4 c5 8. Nb5 Na6 9. Nd6+ Kf8 10. Nf3 f6 11. Bxa6 bxa6 12. c3 g6 13. 0-0 Kg7 14. dxc5 Nxc5 15. Qd4 Nd7 16. Nxc8 Rhxc8 17. exf6+ Qxf6 18. Qxf6+ Kxf6 19. Rfe1 Nc5 20. Ne5 Ne4 21. g3 Rc7 22. Ng4+ Kf5 23. Nf2 Nd2 24. Re2 Nc4 25. Rae1 Re8 26. Nd3 a5 27. Ne5 Nd6 28. Nf3 Rd7 29. Nd4+ Kf6 30. Nc6 Rc7 31. Nxa5 Nf5 32. Nb3 h5 33. Re5 Ree7 34. Rd1 Rc4 35. Re2 Nd6 36. Rde1 Nf5 37. Rd2 h4 38. g4 Nd6 39. Rd4 Rxd4 40. Nxd4 Ne4 41. g5+ Kf7 42. Kg2 Rb7 43. Re2 Rb6 44. Nf3 Nc5 45. Ne5+ Kg7 46. Kh3 Na4 47. Nd3 Rd6 48. Kxh4 Nb6 49. Nc5 Kf7 50. Nb3 Nc8 51. Kg4 Ra6 52. a3 Nd6 53. Nc5 Ra5 54. Nxe6 1-0

[Event "HUN-ch U14"]
[Site "Budapest"]
[Date "2010.06.28"]
[Round "3"]
[White "Ragats, Bertalan"]
[Black "Czegledi, Barna Jr"]
[Result "0-1"]
[WhiteElo "1612"]
[BlackElo "1775"]
[PlyCount "52"]
[EventDate "2010.06.26"]
[EventType "swiss"]
[EventRounds "9"]
[EventCountry "HUN"]
[SourceTitle "CBM 137 Extra"]
[Source "ChessBase"]
[SourceDate "2010.09.01"]
[SourceVersion "1"]
[SourceVersionDate "2010.09.01"]
[SourceQuality "1"]

1. d4 d5 2. c4 e6 3. Nc3 f5 4. Nf3 c6 5. Bf4 Nf6 6. e3 Bd6 7. Bxd6 Qxd6 8. Bd3 0-0 9. 0-0 Ne4 10. Qc2 Bd7 11. Bxe4 fxe4 12. Ne5 Be8 13. Ne2 Nd7 14. Nxd7 Qxd7 15. Nf4 g5 16. Ne2 Bg6 17. Rac1 Rf6 18. Ng3 Raf8 19. Qe2 Qf7 20. c5 h5 21. Qe1 h4 22. Ne2 Bh5 23. Rc2 h3 24. Ng3 hxg2 25. Kxg2 Bf3+ 26. Kg1 Qh7 0-1

[Event "HUN-chT U18"]
[Site "Miskolc"]
[Date "2009.10.29"]
[Round "6.17"]
[White "Ragats, Bertalan"]
[Black "Makk, Norbert"]
[Result "1-0"]
[WhiteElo "1594"]
[BlackElo "1890"]
[PlyCount "47"]
[EventDate "2009.10.26"]
[EventType "team-swiss"]
[EventRounds "8"]
[EventCountry "HUN"]
[SourceTitle "EXT 2016"]
[Source "ChessBase"]
[SourceDate "2015.10.08"]
[SourceVersion "1"]
[SourceVersionDate "2015.10.08"]
[SourceQuality "1"]

1. d4 d5 2. c4 c6 3. Nc3 Nf6 4. Nf3 e6 5. e3 Nbd7 6. Bd3 dxc4 7. Bxc4 b5 8. Bd3 Bb7 9. 0-0 a6 10. a3 c5 11. e4 cxd4 12. Nxd4 Nc5 13. e5 Qxd4 14. Bxb5+ axb5 15. Qxd4 Nb3 16. Qb6 Nd7 17. Qxb7 Rb8 18. Qc7 Nxa1 19. Rd1 Rd8 20. Bg5 Be7 21. Bxe7 Kxe7 22. Rxa1 f6 23. exf6+ gxf6 24. Nxb5 1-0

[Event "HUN-chT U18"]
[Site "Miskolc"]
[Date "2009.10.28"]
[Round "5.19"]
[White "Kosy, Gergely"]
[Black "Ragats, Bertalan"]
[Result "1-0"]
[WhiteElo "1442"]
[BlackElo "1594"]
[PlyCount "135"]
[EventDate "2009.10.26"]
[EventType "team-swiss"]
[EventRounds "8"]
[EventCountry "HUN"]
[SourceTitle "EXT 2016"]
[Source "ChessBase"]
[SourceDate "2015.10.08"]
[SourceVersion "1"]
[SourceVersionDate "2015.10.08"]
[SourceQuality "1"]

1. e4 c5 2. Nf3 Nc6 3. Nc3 Nf6 4. d4 cxd4 5. Nxd4 e5 6. Nxc6 bxc6 7. Be3 h6 8. a3 d5 9. exd5 cxd5 10. Bb5+ Bd7 11. Bxd7+ Qxd7 12. Ne2 Be7 13. 0-0 0-0 14. Ng3 d4 15. Bd2 Bc5 16. Qe2 Rfe8 17. Rad1 Qe6 18. Bb4 Bxb4 19. axb4 Nd5 20. Qc4 Rac8 21. Qb3 Red8 22. Rfe1 f6 23. Rxd4 Nc7 24. Rxd8+ Rxd8 25. Qxe6+ Nxe6 26. Ne4 Rc8 27. c3 Nf4 28. Rd1 f5 29. Nc5 a5 30. g3 Ng6 31. Ra1 axb4 32. cxb4 Rb8 33. Na6 Rb6 34. Ra5 Kf7 35. b5 Ne7 36. Nc5 Nd5 37. Ra7+ Kg6 38. Ra6 Kf7 39. Rxb6 Nxb6 40. b3 Ke7 41. Na4 Nd7 42. Kf1 Kd6 43. Ke2 Kd5 44. Kd3 Nc5+ 45. Kc3 Ne4+ 46. Kb4 Nd6 47. Nb6+ Kd4 48. Nc4 Nb7 49. Na5 Nc5 50. b6 g5 51. b7 Nxb7 52. Nxb7 f4 53. Nc5 e4 54. gxf4 gxf4 55. Ne6+ Ke5 56. Nxf4 Kxf4 57. Kc4 Kf3 58. Kd4 Kxf2 59. Kxe4 Kg2 60. b4 h5 61. h4 Kg3 62. b5 Kxh4 63. Kf4 Kh3 64. b6 h4 65. b7 Kg2 66. b8Q h3 67. Qb2+ Kg1 68. Kg3 1-0